[Event "4th Open"]
[Site "Marseille FRA"]
[Date "2003.06.30"]
[Round "3"]
[White "Nanu,C"]
[Black "Guadalpi,D"]
[Result "1/2-1/2"]
[WhiteElo "2462"]
[BlackElo "2337"]

1.Nf3 d5 2.g3 c6 3.Bg2 Bg4 4.O-O Nd7 5.c4 e6 6.b3 Ngf6 7.Bb2 Bd6 8.d3 O-O
9.Nbd2 Re8 10.cxd5 cxd5 11.h3 Bxf3 12.Bxf3 Qb6 13.Kg2 a5 14.e3 a4 15.Bxf6 Nxf6
16.bxa4 Qa6 17.d4 Qxa4 18.Qxa4 Rxa4 19.Bd1 Ra6 20.Be2 Ra3 21.Rfb1 Rea8 22.Rb2 R3a7
23.Rc2 g6 24.Nb3 Ne4 25.Bd3 Ra3 26.Bxe4 Rxb3 27.Bf3 Rb4 28.Bd1 Kg7 29.Re2 Rc8
30.Bb3 Be7 31.Rb1 Rc7 32.Rbb2 Rb6 33.Rec2 Rbc6 34.Rxc6 Rxc6 35.Bd1 Rc7 36.Rb5 Kf8
37.Ra5 Bb4 38.Ra8+ Kg7 39.Ra4 Be7 40.Bb3 h5 41.g4 hxg4 42.hxg4 Rc6 43.Ra7 Rc7
44.Kf3 Bd6 45.a4 Kf6 46.a5 Kg5 47.Bd1 f5 48.gxf5 gxf5 49.Be2 Kf6 50.Bb5 Rg7
51.Bd3 Bb4  1/2-1/2

[Event "White Nights"]
[Site "St Petersburg RUS"]
[Date "2003.07.02"]
[Round "4"]
[White "Kokarev,Dm"]
[Black "Yagupov,I"]
[Result "1/2-1/2"]
[WhiteElo "2483"]
[BlackElo "2454"]

1.Nf3 d5 2.g3 Bg4 3.Bg2 Nd7 4.c4 e6 5.d3 c6 6.cxd5 exd5 7.O-O Bd6 8.Nc3 Ne7
9.h3 Bh5 10.e3 O-O 11.Ne2 a5 12.Nfd4 Nc5 13.f4 f6 14.g4 Bf7 15.Qc2 Qb6 16.Kh1 Rfe8
17.Rd1 Ne6 18.Nf3  1/2-1/2

[Event "32nd TCh-GRE"]
[Site "Kallithea Chalkidiki GRE"]
[Date "2003.07.04"]
[Round "1"]
[White "Azmaiparashvili,Z"]
[Black "Marjanovic,Slavo"]
[Result "1-0"]
[WhiteElo "2702"]
[BlackElo "2511"]

1.Nf3 d5 2.g3 c5 3.Bg2 Nc6 4.d4 e6 5.O-O Nf6 6.b3 cxd4 7.Nxd4 Bc5 8.Bb2 Qb6
9.e3 Bd7 10.Nxc6 bxc6 11.Nc3 Qc7 12.e4 h5 13.Qe2 h4 14.Na4 Be7 15.e5 hxg3
16.exf6 gxf2+ 17.Rxf2 gxf6 18.Bxf6 Bxf6 19.Rxf6 Qxh2+ 20.Kf1 Ke7 21.Rf2 Rag8
22.Qe3 Rh5 23.Bf3 Rg1+ 24.Ke2 Re5 25.Rxh2 Rxe3+ 26.Kxe3 Rxa1 27.c4 Kd6 28.Rd2 Re1+
29.Kf2 Re5 30.b4 Rf5 31.Ke2 Rf4 32.Nb2 Rh4 33.Kf2 Kc7 34.Kg3 Rh8 35.Nd3 Rg8+
36.Kf2 f6 37.b5 Rg5 38.bxc6 Bxc6 39.Nc5 Re5 40.Nxe6+ Kd6 41.Nd8  1-0

[Event "ch-IRL"]
[Site "Dublin IRL"]
[Date "2003.07.05"]
[Round "1"]
[White "Kennedy,J"]
[Black "Short,P"]
[Result "0-1"]
[WhiteElo "2041"]
[BlackElo "2301"]

1.Nf3 d5 2.g3 Nf6 3.Bg2 e6 4.O-O Be7 5.d3 O-O 6.Nbd2 c5 7.e4 Nc6 8.e5 Nd7
9.Re1 f6 10.exf6 Nxf6 11.b3 Bd6 12.Bb2 Qc7 13.Qe2 Bd7 14.Ne5 Nxe5 15.Bxe5 Rad8
16.f4 b5 17.c4 bxc4 18.bxc4 Kh8 19.g4 Bxe5 20.fxe5 Ng8 21.Rf1 Ne7 22.cxd5 exd5
23.Rxf8+ Rxf8 24.e6 Bc8 25.g5 Ng6 26.Re1 Nf4 27.Qe5 Qxe5 28.Rxe5 Bxe6 29.Nb3 c4
30.dxc4 dxc4 31.Nd4 Bg8 32.Bf1 Rc8 33.Re4 Ng6 34.Nc2 c3 35.a4 Bb3 36.Bd3 Rd8
37.Nd4 Bd5 38.Rg4 Ne5 39.Rg3 Bg8 40.Be2 Rxd4 41.Rxc3 Nc4  0-1

[Event "6th Open Vins du Mer"]
[Site "Naujac sur Mer FRA"]
[Date "2003.07.05"]
[Round "8"]
[White "Wohl,A"]
[Black "Trabert,B"]
[Result "1/2-1/2"]
[WhiteElo "2401"]
[BlackElo "2292"]

1.Nf3 d5 2.g3 c6 3.d3 Bg4 4.Nbd2 Nd7 5.Bg2 Ngf6 6.O-O e6 7.e4 Bd6 8.Qe2 O-O
9.d4 Nxe4 10.Nxe4 dxe4 11.Qxe4 Nf6 12.Qe2 h6  1/2-1/2

[Event "32nd TCh-GRE"]
[Site "Kallithea Chalkidiki GRE"]
[Date "2003.07.06"]
[Round "3"]
[White "Haritakis,T"]
[Black "Mihailidis,A"]
[Result "1/2-1/2"]
[WhiteElo "2295"]
[BlackElo "2206"]

1.Nf3 d5 2.g3 Bf5 3.Bg2 Nf6 4.O-O e6 5.c4 Be7 6.b3 O-O 7.Bb2 h6 8.d4 c6 9.Nc3 Nbd7
10.Nd2 Qb6 11.e4 dxe4 12.Ndxe4 Nxe4 13.Nxe4 Nf6 14.Nc5 Rfd8 15.Qc1 Rac8 16.h3 Nd7
17.Ne4 Nf6 18.Nc5 Nd7 19.Ne4 Nf6 20.Nc5 Nd7 21.Na4 Qa6 22.Nc3 Nf6 23.Rd1  1/2-1/2

[Event "25th Open"]
[Site "Oberwart AUT"]
[Date "2003.07.06"]
[Round "2"]
[White "Hirsch,A"]
[Black "Komarek,D"]
[Result "1-0"]
[WhiteElo "2069"]
[BlackElo "2120"]

1.Nf3 d5 2.g3 g6 3.Bg2 Bg7 4.d4 Nf6 5.c4 e6 6.Nc3 c6 7.O-O O-O 8.b3 Ne4 9.Bb2 f5
10.e3 Nd7 11.Qc2 Ndf6 12.Ne5 Nxc3 13.Bxc3 Ne4 14.Bb2 Ng5 15.Rfc1 Nf7 16.b4 Nxe5
17.dxe5 h5 18.b5 Bd7 19.bxc6 Bxc6 20.Bd4 h4 21.Rab1 Qg5 22.f4 Qg4 23.Qd1 hxg3
24.Qxg4 gxh2+ 25.Kxh2 fxg4 26.cxd5 exd5 27.Kg3 Rfe8 28.Kxg4 a6 29.Bf1 Bf8
30.Bd3 Kf7 31.Rh1 Re6 32.Rh7+ Bg7 33.f5 gxf5+ 34.Bxf5 Rg6+ 35.Bxg6+ Kxg6
36.Rhh1 Rf8 37.Rbf1 Bd7+ 38.Kg3 Re8 39.Rhg1 Bb5 40.Kh4+ Kh6 41.Rf5 Kh7 42.e6  1-0

[Event "31st World Open"]
[Site "Philadelphia USA"]
[Date "2003.07.06"]
[Round "8"]
[White "Zaitshik,G"]
[Black "Kosteniuk,A"]
[Result "1-0"]
[WhiteElo "2488"]
[BlackElo "2452"]

1.Nf3 d5 2.g3 Nf6 3.Bg2 c6 4.O-O Bg4 5.d3 Nbd7 6.Nbd2 e6 7.e4 Be7 8.h3 Bh5
9.b3 O-O 10.Bb2 b5 11.Qe1 Bg6 12.Nh4 Ne8 13.Nxg6 hxg6 14.Qe2 Nc7 15.f4 a5
16.a3 a4 17.b4 c5 18.bxc5 Bxc5+ 19.Kh2 b4 20.axb4 Bxb4 21.Rfb1 Re8 22.Bd4 Bf8
23.Qf2 Ra6 24.Ra2 Qa8 25.c4 Rb8 26.Rc1 Qc6 27.Rac2 Qd6 28.cxd5 Nb5 29.e5 Qa3
30.Bb2 Qb4 31.d6 a3 32.Ba1 Nxd6 33.exd6 Rxd6 34.Qe2 Rdb6 35.Nc4 Ra6 36.Ne5 Rd8
37.Rc6 Ra7 38.Rc7 Ra5 39.Bc3  1-0

[Event "Pre-Amazon Open"]
[Site "Imperatriz BRA"]
[Date "2003.07.07"]
[Round "4"]
[White "Lucena,L"]
[Black "Bachmann,Ax"]
[Result "0-1"]
[WhiteElo "2193"]
[BlackElo "2179"]

1.Nf3 d5 2.g3 Nf6 3.Bg2 e6 4.d4 Be7 5.O-O O-O 6.c4 Nbd7 7.b3 c5 8.Bb2 dxc4
9.bxc4 Nb6 10.Ne5 Nfd7 11.Qd3 Nxe5 12.dxe5 Qc7 13.Nd2 Rd8 14.Qc2 Bd7 15.Nf3 Ba4
16.Qe4 Rd7 17.Bc3 Bc6 18.Qg4 Na4 19.Rac1 Nxc3 20.Rxc3 Rad8 21.Re3 Qa5 22.a3 Rd1
23.h4 h6 24.Kh2 Rxf1 25.Bxf1 Rd1 26.Bg2 Ra1 27.Rd3 Rxa3 28.Rxa3 Qxa3 29.Ne1 Bxg2
30.Kxg2 Qb3 31.Qe4 a5 32.Qd3 a4 33.Qd7 a3 34.Qxe7 a2 35.Qe8+ Kh7 36.Qxf7 a1=Q
37.Nf3 Qa8 38.Qxe6 Qf8 39.Qg4 Qc2 40.e6 Qcf5 41.Ng5+ hxg5 42.Qh5+ Kg8  0-1

[Event "32nd TCh-GRE"]
[Site "Kallithea Chalkidiki GRE"]
[Date "2003.07.07"]
[Round "4"]
[White "Skalkotas,N"]
[Black "Mastrovasilis,D"]
[Result "0-1"]
[WhiteElo "2285"]
[BlackElo "2493"]

1.Nf3 d5 2.g3 Bg4 3.Bg2 Nd7 4.c4 e6 5.O-O c6 6.cxd5 exd5 7.d3 Ngf6 8.Nc3 Bc5
9.Bf4 O-O 10.Rb1 a5 11.h3 Bh5 12.a3 Ba7 13.b4 d4 14.Na2 axb4 15.axb4 Nd5
16.Bd2 N7f6 17.Qb3 Re8 18.Rfe1 Qd6 19.Rb2 Re7 20.Qa3 b5 21.Rc2 Ne3 22.fxe3 dxe3
23.Bc3 Bxf3 24.exf3 e2+ 25.Kh1 Nh5 26.d4 Nxg3+  0-1

[Event "1st Stage Russian Cup"]
[Site "Tomsk RUS"]
[Date "2003.07.07"]
[Round "4"]
[White "Zablotsky,S"]
[Black "Kotov,M"]
[Result "1-0"]
[WhiteElo "2410"]
[BlackElo "2312"]

1.Nf3 d5 2.g3 e6 3.Bg2 c5 4.d4 Nf6 5.O-O Nc6 6.c4 dxc4 7.Qa4 Bd7 8.dxc5 Bxc5
9.Qxc4 Be7 10.Nc3 O-O 11.Rd1 a6 12.Bg5 Qc7 13.Ne4 Nd5 14.Bxe7 Ndxe7 15.Nc5 Rfd8
16.Ng5 Be8 17.Rdc1 Rac8 18.Qe4 Ng6 19.h4 Nf8 20.h5 h6 21.Nf3 Rd5 22.Qh4 Qb6
23.Nd3 Rcd8 24.Rc3 Nd4 25.Nxd4 Rxd4 26.Qe7 Qa5 27.Qxb7 Qxh5 28.Bf3 Qf5 29.Rc8 Bb5
30.Rxd8 Rxd8 31.Be4 Qg5 32.a4 Bxd3 33.Bxd3 a5 34.Rd1 f5 35.Qc7  1-0

[Event "32nd TCh-GRE"]
[Site "Kallithea Chalkidiki GRE"]
[Date "2003.07.08"]
[Round "5"]
[White "Nikolaidis,I"]
[Black "Mastrovasilis,D"]
[Result "1/2-1/2"]
[WhiteElo "2478"]
[BlackElo "2493"]

1.Nf3 d5 2.g3 Nf6 3.Bg2 Bg4 4.b3 Nbd7 5.Bb2 e6 6.d3 Bc5 7.O-O O-O 8.a3 a5
9.Qe1 Re8 10.e4 e5 11.Nbd2 c6 12.h3 Bh5 13.Kh1 b5 14.Nh4 Qb6 15.f4 exf4 16.gxf4 dxe4
17.Nxe4 Nxe4 18.dxe4 Bd4 19.Bxd4 Qxd4 20.Nf5 Qf6 21.Qd2 Red8 22.Qd6 Qxd6
23.Nxd6 f6 24.Rae1 Ra6 25.e5 fxe5 26.fxe5 Bg6 27.e6 Nf6 28.Nf5 Re8 29.Nd6 Rd8
30.Nb7 Rd2 31.Rd1 Rxd1 32.Rxd1 Kf8 33.Rd7 c5 34.Nxc5  1/2-1/2

[Event "1st Stage Russian Cup"]
[Site "Tomsk RUS"]
[Date "2003.07.08"]
[Round "5"]
[White "Ivanov,T"]
[Black "Yudin,S"]
[Result "0-1"]
[WhiteElo "2454"]
[BlackElo "2384"]

1.Nf3 d5 2.g3 e6 3.Bg2 Nf6 4.c4 Be7 5.O-O O-O 6.b3 c5 7.Bb2 Nc6 8.e3 d4 9.exd4 cxd4
10.Re1 Re8 11.a3 a5 12.d3 Bf8 13.Ne5 Nxe5 14.Rxe5 Rb8 15.Nd2 Nd7 16.Re1 e5
17.Nf3 Bd6 18.Bc1 h6 19.Qc2 b5 20.Bd2 bxc4 21.Qxc4 Nc5 22.Nxe5 Rxe5 23.Rxe5 Nxb3
24.Bxa5 Nxa1 25.Rb5 Rxb5 26.Qxb5 Qg5 27.Bd5 Qe5 28.Bb4 Bh3 29.Qc4 Bxb4 30.Be4 Qh5
31.f3 Qg5 32.f4 Qg4  0-1

[Event "103rd ch-SUI w"]
[Site "Silvaplana SUI"]
[Date "2003.07.10"]
[Round "1"]
[White "Bogza,A"]
[Black "Krivec,J"]
[Result "1-0"]
[WhiteElo "2289"]
[BlackElo "2268"]

1.Nf3 d5 2.g3 c5 3.Bg2 Nc6 4.d4 e6 5.O-O Nf6 6.c4 dxc4 7.Ne5 Nxe5 8.dxe5 Nd5
9.Qc2 Bd7 10.a4 Qc7 11.f4 h5 12.Na3 h4 13.Nxc4 hxg3 14.hxg3 Bc6 15.e4 Nb4
16.Qe2 O-O-O 17.Be3 Kb8 18.Rfc1 b6 19.a5 Qb7 20.axb6 axb6 21.Ra3 Be7 22.Rca1 Qc7
23.f5 Rd7 24.Bf4 g5 25.fxg6 fxg6 26.Nd6 g5 27.Be3 Bxd6 28.exd6 Qxd6 29.e5 Bxg2
30.Qxg2 Qxe5 31.Ra8+ Kc7 32.R1a7+ Kd6 33.Rxd7+ Kxd7 34.Qb7+ Kd6 35.Qxb6+ Ke7
36.Qxc5+  1-0

[Event "1st Stage Russian Cup"]
[Site "Tomsk RUS"]
[Date "2003.07.10"]
[Round "7"]
[White "Odinokov,N"]
[Black "Frolov,D"]
[Result "0-1"]
[WhiteElo "2339"]
[BlackElo "2417"]

1.Nf3 d5 2.g3 Nf6 3.Bg2 c6 4.O-O Bg4 5.d3 Nbd7 6.Nbd2 e5 7.e4 Bd6 8.h3 Bh5
9.c3 O-O 10.a4 Re8 11.b4 a5 12.Ba3 axb4 13.cxb4 Nb6 14.a5 Nc8 15.Qb3 Na7
16.Rfe1 Nb5 17.exd5 Nxd5 18.Bb2 Bxb4 19.Rxe5 Rxe5 20.Bxe5 Rxa5 21.Rxa5 Qxa5
22.Nc4 Qa7 23.g4 Bg6 24.Nh4 Be1 25.Bg3 Qd4 26.Qa2 h6 27.Nxg6 fxg6 28.Qa8+ Kh7
29.Qxb7 Nf4 30.Bxf4 Bxf2+ 31.Kh1 Qa1+  0-1

[Event "1st Stage Russian Cup"]
[Site "Tomsk RUS"]
[Date "2003.07.11"]
[Round "8"]
[White "Maletin,P"]
[Black "Tregubov,Al"]
[Result "1-0"]
[WhiteElo "2422"]
[BlackElo "2354"]

1.Nf3 d5 2.g3 c5 3.Bg2 g6 4.d4 cxd4 5.Nxd4 Bg7 6.O-O Nf6 7.c4 O-O 8.Nd2 e5
9.N4b3 d4 10.c5 Nc6 11.Nc4 Qc7 12.Nd6 Be6 13.e3 Nd7 14.Nb5 Qb8 15.Qc2 Nb4
16.Qd2 Nxa2 17.Na5 a6 18.Na3 Qc7 19.Nxb7 Rab8 20.c6 Nb6 21.Nc5 Qe7 22.Nxe6 Qxe6
23.exd4 Nxc1 24.Raxc1 exd4 25.c7 Rbe8 26.Rfe1 Qb3 27.Rxe8 Rxe8 28.Bb7 d3
29.Rb1 Bd4 30.Bxa6 Na4 31.Qxd3 Qb6 32.c8=Q Rxc8 33.Bxc8 Bxf2+ 34.Kg2 Bc5
35.Qe4  1-0

[Event "ch-IRL"]
[Site "Dublin IRL"]
[Date "2003.07.12"]
[Round "8"]
[White "Kennedy,J"]
[Black "Daly,C"]
[Result "0-1"]
[WhiteElo "2041"]
[BlackElo "2355"]

1.Nf3 d5 2.g3 c5 3.Bg2 Nc6 4.d4 e6 5.O-O Nf6 6.c4 dxc4 7.Ne5 Bd7 8.Bxc6 Bxc6
9.Nxc6 bxc6 10.Qa4 Rc8 11.dxc5 Bxc5 12.Qxc4 Qd5 13.Nd2 h5 14.h4 Bb6 15.a4 Qf5
16.Kg2 O-O 17.e4 Qg6 18.f4 Rfd8 19.f5 exf5 20.Rxf5 Rd4 21.Qa6 Rcd8 22.Rg5 Rxd2+
23.Bxd2 Qxe4+ 24.Kf1 Qf3+  0-1

[Event "Open"]
[Site "Mariupol UKR"]
[Date "2003.07.13"]
[Round "3"]
[White "Matjushin,G"]
[Black "Kamenets,A"]
[Result "1-0"]
[WhiteElo "2416"]
[BlackElo "2326"]

1.g3 d5 2.Nf3 Nf6 3.Bg2 c5 4.O-O Nc6 5.c4 e6 6.cxd5 Nxd5 7.Nc3 Nc7 8.d3 Be7
9.Be3 e5 10.Nd2 Nd4 11.Rc1 O-O 12.Na4 Nd5 13.Nxc5 Nxe3 14.fxe3 Nf5 15.Nxb7 Qb6
16.Nc4 Qh6 17.Nba5 Rb8 18.Nc6 Bg5 19.Nxb8 Bxe3+ 20.Nxe3 Nxe3 21.Qb3 Be6 22.Qb7 Nxf1
23.Rxf1 Qe3+ 24.Kh1 Qxe2 25.Nc6 h5 26.Ne7+ Kh8 27.Ng6+  1-0

[Event "Masters"]
[Site "Saint Lo FRA"]
[Date "2003.07.13"]
[Round "5"]
[White "Poley,V"]
[Black "Milliet,S"]
[Result "1-0"]
[WhiteElo "2383"]
[BlackElo "2275"]

1.Nf3 d5 2.g3 Nc6 3.d4 Bg4 4.Bg2 Qd7 5.h3 Bh5 6.Nbd2 O-O-O 7.c3 f6 8.b4 e5
9.b5 Nb8 10.dxe5 Qxb5 11.Rb1 Qa6 12.Qc2 Bg6 13.e4 dxe4 14.Nh4 Nd7 15.Nxg6 hxg6
16.Qxe4 Nc5 17.Qc4 Qxc4 18.Nxc4 fxe5 19.Be3 e4 20.O-O Nf6 21.Ne5 Rh5 22.Nxg6 Bd6
23.g4 Rd5 24.c4 Rd3 25.Bxc5 Bxc5 26.g5 Nh5 27.Bxe4 Rg3+ 28.Kh1 Rxg5 29.h4 Rxg6
30.Bxg6 Rd4 31.Bf5+ Kb8 32.Rfd1 Rxh4+ 33.Kg2 a6 34.Rd8+ Ka7 35.Bc8 b6 36.Rd7 Rxc4
37.Rxc7+ Kb8 38.Rc6 Nf4+ 39.Kf1 Nd5 40.Be6 Rb4 41.Rc8+ Kb7 42.Rxb4 Nxb4 43.Rg8 Bd4
44.Ke2 Bf6 45.Ke3 Kc6 46.Ke4 Kb5 47.Bb3 Nc6 48.Rc8 Nd4 49.Bd5 Ka5 50.Rc4 Nb5
51.Kd3 Na3 52.Rc7 b5 53.Rc6 b4 54.Bc4 Nb5 55.f4 Bb2 56.Ke4 Bd4 57.Kd5 Bb6
58.Bxb5 Kxb5 59.Rg6 a5 60.Rxg7 a4 61.f5 b3 62.axb3 axb3 63.Rg3 Kb4 64.f6 Bd8
65.f7 Be7 66.Re3 Bf8 67.Re8 Bg7 68.Rg8 Bh6 69.Kd4 b2 70.Rb8+ Ka3 71.Kc3  1-0

[Event "24th Open"]
[Site "Bled SLO"]
[Date "2003.07.15"]
[Round "2"]
[White "Poropat,M"]
[Black "Buchnicek,P"]
[Result "0-1"]
[WhiteElo "2102"]
[BlackElo "2325"]

1.Nf3 d5 2.g3 c6 3.Bg2 Bg4 4.c4 e6 5.b3 Nd7 6.Bb2 Ngf6 7.O-O Bd6 8.d3 O-O
9.Nbd2 Qe7 10.Qc2 Ba3 11.Rae1 a5 12.Ne5 Bxb2 13.Nxd7 Nxd7 14.Qxb2 a4 15.b4 a3
16.Qc3 Ra4 17.h3 Bh5 18.g4 Bg6 19.Rb1 f5 20.gxf5 Bxf5 21.e4 dxe4 22.dxe4 Bg6
23.f4 e5 24.f5 Bf7 25.c5 b6 26.cxb6 Nxb6 27.Rf2 Rd8 28.Bf1 Rd4 29.Nb3 Rdxb4
30.Qxc6 Ra8 31.Qc3 Rc8 32.Qg3 Nd7 33.Rg2 Qf8 34.Rd1 Nf6 35.Qxe5 Bxb3 36.axb3 Rxe4
37.Qg3 Qc5+ 38.Kh1 Re7 39.Bc4+ Kf8 40.Qh4 Qc6 41.Be6 Ra8 42.Kh2 Qc7+ 43.Kg1 Qe5
44.Re1 Qc3 45.Ree2 Rd8 46.Qf4 Ra7 47.Rd2 Qc5+ 48.Kh2 Rda8 49.b4 Qe7 50.Ba2 Rb7
51.Rd4 Rab8 52.Rgd2 Rxb4 53.Rd8+ Rxd8 54.Rxd8+ Qxd8 55.Qxb4+ Qe7 56.Qc4 Qe5+
57.Kg2 Qe4+ 58.Kf1 Qxc4+ 59.Bxc4 Ne4  0-1

[Event "103rd ch-SUI"]
[Site "Silvaplana SUI"]
[Date "2003.07.15"]
[Round "6"]
[White "Korotylev,A"]
[Black "Raetsky,A"]
[Result "1-0"]
[WhiteElo "2546"]
[BlackElo "2438"]

1.Nf3 d5 2.g3 Nc6 3.d4 Bg4 4.Bg2 Qd7 5.h3 Bh5 6.c3 O-O-O 7.Nbd2 f6 8.b4 Qe8
9.Nb3 e5 10.b5 e4 11.Nh2 Nce7 12.a4 Kb8 13.Nf1 Nf5 14.h4 Ngh6 15.Bh3 Bg4
16.Bxh6 Nxh6 17.Bxg4 Nxg4 18.e3 h5 19.Na5 g5 20.Nh2 Nxh2 21.Rxh2 gxh4 22.Rxh4 f5
23.Qb3 Ka8 24.c4 Be7 25.Rh1 dxc4 26.Nxc4 Qg8 27.O-O-O h4 28.gxh4 Rxh4 29.Rhg1 Rg4
30.Rxg4 Qxg4 31.Ne5 Qg8 32.Qxg8 Rxg8 33.Rh1 a6 34.bxa6 bxa6 35.Rh5 Rf8 36.Kc2 Bd6
37.Kc3 Kb7 38.Kc4 a5 39.Kd5 f4 40.Kxe4 fxe3 41.fxe3 Bxe5 42.Rxe5 Kb6 43.Rb5+  1-0

[Event "24th Open"]
[Site "Bled SLO"]
[Date "2003.07.16"]
[Round "4"]
[White "Poropat,M"]
[Black "Crepan,M"]
[Result "1-0"]
[WhiteElo "2102"]
[BlackElo "2250"]

1.Nf3 d5 2.g3 Nf6 3.Bg2 c6 4.b3 Bf5 5.O-O e6 6.Bb2 Nbd7 7.d3 h6 8.c4 Be7
9.Nbd2 O-O 10.Qc2 Bh7 11.a3 a5 12.Bc3 Qb6 13.h3 Rfd8 14.g4 Ne8 15.Rfc1 Bg6
16.Bb2 Rac8 17.Bc3 Bc5 18.Rf1 Bd6 19.Rfc1 Bb8 20.b4 axb4 21.axb4 Qc7 22.Bb2 h5
23.cxd5 exd5 24.Qc3 hxg4 25.hxg4 Qf4 26.Qd4 Qh6 27.Nf1 Nf8 28.g5 Qh8 29.Qg4 Nd6
30.Be5 Re8 31.Ng3 Nb5 32.Bxb8 Rxb8 33.e4 dxe4 34.dxe4 Rbd8 35.Rd1 Rxd1+ 36.Rxd1 Nc3
37.Re1 Ne6 38.Ne5 Qh7 39.f4 Nf8 40.Re3 Nb5 41.Nc4 f6 42.f5 fxg5 43.fxg6 Qxg6
44.Qf5 Qh6 45.Rf3 Ra8 46.Nf1 Ng6 47.Ne5 Nh4 48.Qf7+ Kh7 49.Rg3 Nd4 50.Ng4 Qd6
51.Kh1 Rf8 52.Qh5+ Kg8 53.Qxg5 Ng6 54.Nh6+ Kh7 55.Nf5 Nxf5 56.exf5 Kg8 57.Qxg6 Qd4
58.Rg4 Qa1 59.Qe6+ Rf7 60.b5 Qd1 61.Qe8+ Rf8 62.Qg6 Rf7 63.bxc6 bxc6 64.Re4 Qd7
65.Qe6 Qc7 66.Rc4 Qd8 67.Rxc6 Qh4+ 68.Nh2 Kh7 69.Qg6+ Kg8 70.Rc8+ Rf8 71.Bd5+  1-0

[Event "ch-GBR"]
[Site "Edinburgh SCO"]
[Date "2003.07.16"]
[Round "3"]
[White "Gourlay,I"]
[Black "Simmons,Mat"]
[Result "1/2-1/2"]
[WhiteElo "2284"]
[BlackElo "2176"]

1.Nf3 d5 2.g3 Nf6 3.Bg2 Bf5 4.c4 e6 5.Qb3 Qc8 6.d3 c6 7.O-O Be7 8.Nd4 Bg6
9.cxd5 exd5 10.e4 Na6 11.Bg5 h6 12.Bh4 dxe4 13.dxe4 Qc7 14.e5 Nc5 15.Qd1 Nd5
16.Bxd5 Bxh4 17.Bc4 Be7 18.Re1 b5 19.Bf1 O-O-O 20.Qg4+ Qd7 21.Qxd7+ Kxd7
22.Bg2 Nd3 23.Re2 Bc5 24.Nxc6 Rc8 25.Na5 Kc7 26.Nc3 Rhe8 27.Nb3 b4 28.Nd5+ Kb8
29.Nxc5 Rxc5 30.Rd1 Bh5 31.g4 Bxg4 32.f3 Bf5 33.Ne3 Bg6 34.Red2 Rcxe5 35.Nc4 Re1+
36.Rxe1 Rxe1+ 37.Bf1 Bf5 38.Kg2 Nf4+ 39.Kg3 Rxf1 40.Kxf4 Be6 41.Ne5 Rc1 42.Nd3 Rc4+
43.Ke5 a5 44.b3 Rc6 45.Nf4 Kc7 46.Nd5+ Bxd5 47.Rxd5 Re6+  1/2-1/2

[Event "zt 3.3 w"]
[Site "Yongchuan CHN"]
[Date "2003.07.16"]
[Round "5"]
[White "Li Ruofan"]
[Black "Ruan Lufei"]
[Result "1-0"]
[WhiteElo "2433"]
[BlackElo "2307"]

1.Nf3 d5 2.g3 Nf6 3.Bg2 c6 4.O-O Bg4 5.d3 Nbd7 6.Qe1 e5 7.e4 dxe4 8.dxe4 Bc5
9.Nbd2 O-O 10.h3 Bh5 11.Nc4 Re8 12.a4 Qc7 13.Nh4 Bg6 14.Nxg6 hxg6 15.Bd2 Rad8
16.Qe2 Nb6 17.Ne3 Qe7 18.Rfb1 Qe6 19.a5 Bxe3 20.Bxe3 Nc4 21.Bxa7 Rd2 22.Qf3 Ra8
23.Bc5 Rxa5 24.Rxa5 Nxa5 25.Qc3 Qa2 26.Rc1 Re2 27.b3 Nd7 28.Bb4 b6 29.Bf3 Nxb3
30.Qxb3 Qxb3 31.cxb3 Rb2 32.Bd1 c5 33.Bc3  1-0

[Event "BCSA Open"]
[Site "Batumi GEO"]
[Date "2003.07.17"]
[Round "1"]
[White "Maglaperidze,G"]
[Black "Arutunian,D"]
[Result "0-1"]
[WhiteElo "2098"]
[BlackElo "2425"]

1.Nf3 d5 2.g3 c5 3.Bg2 Nc6 4.d3 Nf6 5.Nbd2 g6 6.b3 Bg7 7.Bb2 O-O 8.c4 d4
9.O-O e5 10.a3 a5 11.b4 axb4 12.axb4 Rxa1 13.Bxa1 cxb4 14.Ng5 Ne8 15.Nge4 Qe7
16.Nb3 f5 17.Nec5 b6 18.Na4 Qc7 19.Nc1 Be6 20.Bd5 Bf7 21.Na2 Nf6 22.Bxf7+ Rxf7
23.Bb2 Nd7 24.Nc1 Rf8 25.Qb3 Kh8 26.Na2 Nc5 27.Qd1 e4 28.Nc1 Ne6 29.c5 b5
30.Nb6 Nxc5 31.Nd5  0-1

[Event "3rd Open"]
[Site "St Chely d'Aubrac FRA"]
[Date "2003.07.17"]
[Round "6"]
[White "Badea,B"]
[Black "Serafimov,T"]
[Result "1-0"]
[WhiteElo "2499"]
[BlackElo "2342"]

1.Nf3 d5 2.g3 Nf6 3.Bg2 c5 4.O-O Nc6 5.d4 Bg4 6.dxc5 e5 7.c4 Bxc5 8.cxd5 Qxd5
9.Nc3 Qxd1 10.Rxd1 O-O 11.h3 Bf5 12.g4 Bc2 13.Rd2 Bg6 14.Nh4 Rad8 15.Nxg6 hxg6
16.Rxd8 Rxd8 17.Bg5 Nd4 18.Rc1 Bb4 19.Kf1 Bxc3 20.bxc3 Ne6 21.Bxf6 gxf6 22.Bxb7 Nc5
23.Bc6 Rd2 24.Rb1 Rxa2 25.Bd5 Ra3 26.Rb8+ Kg7 27.Rc8 Ne6 28.e3 Ra5 29.c4 Ra2
30.Rc6 a5 31.Kg2 g5 32.Kf3 a4 33.Ra6 a3 34.Ra7 Kf8 35.c5 Rd2 36.Bxe6 fxe6
37.Rxa3 Rc2 38.Ra8+ Ke7 39.Ra7+ Kf8 40.Rc7 f5 41.gxf5 exf5 42.c6 Rc4 43.Rc8+ Ke7
44.c7 g4+ 45.hxg4 fxg4+ 46.Kg3 Kd7 47.Rg8 Rxc7 48.Rxg4 Rc1 49.Re4 Rg1+ 50.Kh4 Kd6
51.f4 Ke6 52.Rxe5+ Kf6 53.e4 Re1 54.Kg4 Rg1+ 55.Kf3 Rf1+ 56.Ke3 Re1+ 57.Kf2 Rb1
58.Rd5 Rb3 59.Ke2 Rh3 60.Rd3 Rh2+ 61.Ke3 Rh3+ 62.Kd4 Rh4 63.Rf3 Ke6 64.f5+ Kf6
65.Rg3 Rh1 66.Rg6+ Kf7 67.Ke5 Ra1 68.Rd6 Ra5+ 69.Rd5 Ra6 70.Rd4 Ra5+ 71.Kf4 Ra1
72.Rd7+ Ke8 73.Rb7 Rf1+ 74.Ke5 Ra1 75.f6 Ra5+ 76.Ke6 Ra6+ 77.Kf5 Ra1 78.e5 Ra5
79.f7+ Kf8 80.Kf6 Ra6+ 81.e6 Rb6 82.Rb8+  1-0

[Event "BCSA Open"]
[Site "Batumi GEO"]
[Date "2003.07.18"]
[Round "2"]
[White "Haroutjunian,G"]
[Black "Datuashvili,N"]
[Result "1-0"]
[WhiteElo "2380"]
[BlackElo "2232"]

1.Nf3 d5 2.g3 c6 3.Bg2 Nf6 4.b3 Bg4 5.Bb2 Nbd7 6.d3 e6 7.Nbd2 Bc5 8.O-O O-O
9.e4 dxe4 10.dxe4 e5 11.Qe1 Bxf3 12.Nxf3 Qc7 13.Rd1 Rad8 14.Qe2 Rfe8 15.a3 a6
16.Rd2 Rb8 17.Rfd1 Nf8 18.b4 Ba7 19.Bh3 a5 20.c4 Ng6 21.Bf5 Ra8 22.c5 axb4
23.axb4 b6 24.Qc4 bxc5 25.Rd7 Nxd7 26.Rxd7 Qxd7 27.Bxd7 Re7 28.Bxc6 Rb8 29.b5 Bb6
30.Ba3 h6 31.Bxc5 Re6 32.Bxb6 Rxb6 33.Qc5 Rb8 34.b6 Rd8 35.b7 Ne7 36.Bd7  1-0

[Event "24th Open"]
[Site "Bled SLO"]
[Date "2003.07.18"]
[Round "6"]
[White "Orel,O"]
[Black "Janovsky,S"]
[Result "1/2-1/2"]
[WhiteElo "2338"]
[BlackElo "2495"]

1.Nf3 d5 2.g3 c6 3.Bg2 Bg4 4.d3 Nd7 5.Nbd2 e6 6.e4 Bd6 7.O-O Ne7 8.c3 O-O
9.Qc2 Qc7 10.d4 Bxf3 11.Nxf3 dxe4 12.Qxe4 h6 13.c4 Ng6 14.b3 Rfe8 15.Bb2 Rad8
16.Rfd1 Qb8 17.Qc2 Be7 18.Rd2 Bf6 19.Rad1 Qc7 20.b4 a5 21.a3 axb4 22.axb4 Ra8
23.Qb3 Qb6 24.c5 Qd8 25.b5 Ne7 26.Re2 Nd5 27.Nd2 Ra5 28.bxc6 bxc6 29.Nc4 Rb5
30.Qc2 Be7 31.Ra1 Qc7 32.Bc1 N7f6 33.Bd2 Reb8 34.Nb6 Nxb6 35.Bf4 Qd7 36.Bxb8 Qxd4
37.Rd1 Qxc5 38.Qxc5 Rxc5 39.Ba7 Nfd5 40.Bxd5 Rxd5 41.Rxd5 Nxd5 42.Rc2 Nb4
43.Rc4 f6 44.Bc5 Nd5 45.Ba7 Nb4 46.Bd4 e5 47.Bc5 Nd5  1/2-1/2

[Event "25th Politiken Cup"]
[Site "Copenhagen DEN"]
[Date "2003.07.18"]
[Round "5"]
[White "Rasmussen,K"]
[Black "Kongsted,C"]
[Result "1-0"]
[WhiteElo "2437"]
[BlackElo "2246"]

1.g3 d5 2.Nf3 c6 3.Bg2 Nf6 4.c4 e6 5.O-O Nbd7 6.b3 Be7 7.Bb2 O-O 8.d3 a5
9.Nc3 b6 10.e4 dxe4 11.dxe4 e5 12.Qe2 Qc7 13.Nh4 Re8 14.Rad1 Nc5 15.Nf5 Bf8
16.Qe3 h6 17.Qf3 Kh7 18.Bc1 Ng8 19.h4 g6 20.Ne3 Ne6 21.Ne2 a4 22.Ng4 axb3
23.axb3 Bg7 24.h5 Qe7 25.Nh2 Bb7 26.Be3 c5 27.Nc3 Nd4 28.Bxd4 cxd4 29.Nd5 Bxd5
30.cxd5 Nf6 31.hxg6+ fxg6 32.Rc1 Rec8 33.Bh3 Rc5 34.Qd3 Ra7 35.Rxc5 Qxc5
36.Nf3 Ne8 37.Nh4 Bf6 38.Qf3 Qe7 39.Ng2 Rc7 40.Qe2 Qc5 41.Ra1 Qc3 42.Ra8 d3
43.Qf3 d2 44.Ne3 Ng7 45.Kh2 Qxb3 46.Qxf6 Qxe3 47.Bg4 Rc2 48.Bd1 Qxe4 49.Ra7  1-0

[Event "BCSA Open"]
[Site "Batumi GEO"]
[Date "2003.07.19"]
[Round "3"]
[White "Maglaperidze,G"]
[Black "Melia,S"]
[Result "0-1"]
[WhiteElo "2098"]
[BlackElo "2237"]

1.Nf3 d5 2.g3 Bg4 3.Bg2 b6 4.b3 Nd7 5.Bb2 Ngf6 6.c4 e6 7.O-O Bd6 8.d3 O-O
9.Nbd2 Re8 10.a3 a5 11.Bc3 e5 12.h3 Bh5 13.Nh4 Bg6 14.Nxg6 hxg6 15.e3 Qe7
16.Bb2 Nc5 17.Qc2 e4 18.dxe4 Ncxe4 19.Nxe4 dxe4 20.Rfd1 Be5 21.Rd2 c5 22.Rad1 Bxb2
23.Qxb2 a4 24.b4 cxb4 25.axb4 Red8 26.Qa3 Rxd2 27.Rxd2 Nd7 28.c5 Ne5 29.Rd4 f5
30.b5 Kh7 31.Kh1 Nd3 32.Rxa4 Rxa4 33.Qxa4 Qxc5 34.Qd4 Qxb5 35.Qd8 Qc6 36.Qh4+ Kg8
37.Qd8+ Kf7 38.Kg1 Nc5 39.Bf1 b5 40.Qb8 Nd3 41.Qd8 b4 42.Bxd3 exd3 43.Qxd3 Qe6
44.Qd4 b3 45.Kh2 g5 46.g4 fxg4 47.hxg4 g6 48.f4 gxf4 49.exf4 Qe2+ 50.Kg3 b2
51.Qc5 Qe1+ 52.Kh3 b1=Q  0-1

[Event "BCSA Open"]
[Site "Batumi GEO"]
[Date "2003.07.20"]
[Round "4"]
[White "Minasian,Art"]
[Black "Pashikian,A"]
[Result "1-0"]
[WhiteElo "2571"]
[BlackElo "2366"]

1.g3 d5 2.Nf3 Nf6 3.Bg2 c5 4.c4 e6 5.O-O Nc6 6.d3 Be7 7.Nc3 d4 8.Na4 O-O
9.e3 e5 10.exd4 exd4 11.Bg5 Ne8 12.Bxe7 Qxe7 13.Nd2 Nd8 14.Ne4 Ne6 15.Re1 Qc7
16.Qh5 b6 17.Nexc5 bxc5 18.Bxa8 Nf6 19.Qd1 Ng5 20.Bg2 Nh3+ 21.Bxh3 Bxh3 22.Qf3 Bc8
23.b3 Bb7 24.Qf4 Qc6 25.f3 g6 26.Re5 Nh5 27.Rxh5 gxh5 28.Qg5+ Kh8 29.Qxc5  1-0